| 000 | 00708nam a2200265 a 4500 | ||
|---|---|---|---|
| 001 | BS0002918 | ||
| 003 | BR-BrBNA | ||
| 005 | 20230418192151.0 | ||
| 008 | 230308b |||||||| |||| 00| 0 por d | ||
| 040 |
_aBR-BrBNA _bpor _cBiblioteca Nacional de Agricultura |
||
| 041 | _apor | ||
| 072 | _aB52 | ||
| 090 | _aB52 BS0002918 | ||
| 100 | 1 | _aBandeira, Moniz. | |
| 245 | 1 | _aBrizola e o trabalhismo / | |
| 250 | 1 | _a2. ed. | |
| 260 | 3 |
_aRio de Janeiro, RJ: _bCivilização Brasileira, _c1979. |
|
| 300 | _a204 p. | ||
| 490 | _a(Coleção Retratos do Brasil, 12) | ||
| 650 | _aPOLÍTICA | ||
| 650 | _aPARTIDO POLÍTICO | ||
| 650 | _aTRABALHISMO | ||
| 909 |
_a202304 _bSergio Santos _c56 _dSergio Santos |
||
| 942 | _cBK | ||
| 999 |
_c7979 _d7979 |
||